|
|
|
|
| LEADER |
00649nab a2200169 i 4500 |
| 001 |
misc15888 |
| 005 |
20191106142209.0 |
| 008 |
170607s1936 hu o 0|| hun d |
| 040 |
|
|
|a SZTE Miscellanea Repozitórium
|b hun
|
| 041 |
|
|
|a hun
|
| 100 |
1 |
|
|a Vályi Lajos
|
| 245 |
1 |
3 |
|a Az új székesfővárosi lakásbérleti szabályrendelet
|h [elektronikus dokumentum] /
|c Vályi Lajos
|
| 260 |
|
|
|c 1936
|
| 300 |
|
|
|a 382-388a
|
| 490 |
0 |
|
|a Polgári jog : a hazai és külföldi magánjog és hiteljog szemléje
|v 12
|
| 695 |
|
|
|a Kötelmi jog bérleti szerződés ingatlan
|
| 856 |
4 |
0 |
|u http://misc.bibl.u-szeged.hu/15888/1/polgari_jog_1936_382-388a.pdf
|z Dokumentum-elérés
|